00548nam a2200205 a 45000010005000000030009000050080041000140200015000550400028000700820017000981000028001152450025001432600031001683000010001994900019002095900047002286500038002759420012003139990017003256095CO-ViMGA141112s2004 ck r 000 u spa d a9580462402 aCO-ViMGAbspacCO-ViMGA04aA863.6 G151m1 aGambaro, Griselda9472810aEl Mar que nos trajo aBogotá : bNorma, c2001 a156 p aLa otra orilla aForma de adquisición : Premio Mincultura14aNOVELA ARGENTINA - SIGLO XX94729 2ddccBK c18069d18069